| 000 | 00648nam a22002177a 4500 | ||
|---|---|---|---|
| 003 | OSt | ||
| 005 | 20260506114045.0 | ||
| 008 | 260506b |||||||| |||| 00| 0 eng d | ||
| 020 | _a9781387400287 | ||
| 040 |
_bEnglish _cCentral Library IIT Goa |
||
| 082 |
_a004.35 _bEIJ |
||
| 100 |
_aEijkhout, Victor _eauthor _93817 |
||
| 245 |
_aParallel Programmimg in MPI and OpenMP / _cVictor Eijkhout |
||
| 250 | _a1/e | ||
| 260 |
_bLulu, _c2017 |
||
| 300 | _a349p. | ||
| 650 |
_aParallel Programming(Computer Science) _93818 |
||
| 650 |
_aMessage Passing Interface (MPI) _93819 |
||
| 650 |
_aOpenMP (API for Parallel Programming) _93820 |
||
| 942 |
_2ddc _cBK |
||
| 999 |
_c1924 _d1924 |
||